UM Logo

Sensing Sociability : (Record no. 20531)

MARC details
000 -LEADER
fixed length control field 01416nam a22002897a 4500
005 - DATE AND TIME OF LATEST TRANSACTION
control field 20250829185649.0
008 - FIXED-LENGTH DATA ELEMENTS--GENERAL INFORMATION
fixed length control field 240816b ||||| |||| 00| 0 eng d
082 ## - DEWEY DECIMAL CLASSIFICATION NUMBER
Classification number DPer 155.205 J826 July-September 2020 v. 119 n. 1-3
100 ## - MAIN ENTRY--PERSONAL NAME
Personal name Harari, Gabriella M.
Relator term author.
9 (RLIN) 57984
245 ## - TITLE STATEMENT
Title Sensing Sociability :
Remainder of title individual differences in young adults' conversation calling, texting, and app use behaviors in daily life /
Statement of responsibility, etc. Gabriella M. Harari, Clemens Stachl, Markus Buhner, Andrew T. Campbell, Sandrine R. Muller, Rui Wang, Weichen Wang, Peter J. Rentfrow, and Samuel D. Gosling.
260 ## - PUBLICATION, DISTRIBUTION, ETC. (IMPRINT)
Place of publication, distribution, etc. Washington ;
Name of publisher, distributor, etc. American Psychological Association ,
Date of publication, distribution, etc. July 2020.
300 ## - PHYSICAL DESCRIPTION
Extent Volume 119, pages 204-228 :
Other physical details illustration ;
Dimensions 27 cm.
500 ## - GENERAL NOTE
General note Journal of Personality and Social Psychology , vol. 119, no. 1, pages 204-228, July 2020.
650 ## - SUBJECT ADDED ENTRY--TOPICAL TERM
Topical term or geographic name as entry element Social psychology.
9 (RLIN) 60661
650 ## - SUBJECT ADDED ENTRY--TOPICAL TERM
Topical term or geographic name as entry element Behaviorism.
9 (RLIN) 60004
650 ## - SUBJECT ADDED ENTRY--TOPICAL TERM
Topical term or geographic name as entry element Individuality.
9 (RLIN) 19964
700 ## - ADDED ENTRY--PERSONAL NAME
Personal name Harari, Gabriella M.
Relator term author.
9 (RLIN) 57984
700 ## - ADDED ENTRY--PERSONAL NAME
Personal name Stachl, Clemens.
Relator term author.
9 (RLIN) 57985
700 ## - ADDED ENTRY--PERSONAL NAME
Personal name Buhner, Markus
Relator term author.
9 (RLIN) 57986
700 ## - ADDED ENTRY--PERSONAL NAME
Personal name Campbell, Andrew T.
Relator term author.
9 (RLIN) 57987
700 ## - ADDED ENTRY--PERSONAL NAME
Personal name Muller, Sandrine R.
Relator term author.
9 (RLIN) 57988
700 ## - ADDED ENTRY--PERSONAL NAME
Personal name Wang, Rui.
Relator term author.
9 (RLIN) 57989
700 ## - ADDED ENTRY--PERSONAL NAME
Personal name Wang, Weichen.
Relator term author.
9 (RLIN) 57990
700 ## - ADDED ENTRY--PERSONAL NAME
Personal name Rentfrow, Peter J.
Relator term author.
9 (RLIN) 57991
700 ## - ADDED ENTRY--PERSONAL NAME
Personal name Gosling, Samuel D.
Relator term author.
9 (RLIN) 57992
942 ## - ADDED ENTRY ELEMENTS (KOHA)
Source of classification or shelving scheme Dewey Decimal Classification
Koha item type Periodicals
Holdings
Withdrawn status Lost status Source of classification or shelving scheme Damaged status Not for loan Home library Current library Date acquired Total Checkouts Full call number Date last seen Price effective from Koha item type Public note
    Dewey Decimal Classification     UM Digos College - LIC UM Digos College - LIC 08/16/2024   DPer 155.205 J826 July-September 2020 v. 119 n. 1-3 08/16/2024 08/16/2024 Periodicals Periodical Article